000
00328nam a2200145Ia 4500
008
191201s2004 xx 000 0 und d
082
_a
510
_b
SAE
100
_a
SASTRY, S S
245
0
_a
Engineering Mathematics vol-2
250
_a
3rd
260
_a
N.Delhi
_b
PHI
_c
2004
300
_a
662
650
_a
Applied
942
_2
ddc
_c
BK
999
_c
1612
_d
1612